Gaming Quiz

Random Gaming or Board Games Quiz

Take a 'Chance' (Card) on Me Quiz Stats

Quiz Updated Apr 5, 2016

Challenge
Share
Tweet
Embed
Score 0/28 Timer 05:00
0 Plays Today
Sentences Word % Correct
THIS CARD MAY BE KEPT UNTIL NEEDED OR SOLD. GET OUT OF _____ FREE.JAIL
90%
ADVANCE TO _____. (COLLECT $200)GO
89.9%
ADVANCE TO ST. CHARLES PLACE. IF YOU _____ GO, COLLECT $200.PASS
89.6%
GO BACK 3 _____.SPACES
87.1%
GO TO JAIL. Go _____ to Jail. DO NOT PASS GO.Directly
81.8%
TAKE A _____ ON THE BOARD WALK.WALK
79.4%
TAKE A _____ ON THE READING. IF YOU PASS GO COLLECT $200.RIDE
78.5%
_____ TO ILLINOIS AVE.ADVANCE
75.4%
You Have Been ELECTED _____ OF THE BOARD.CHAIRMAN
75.3%
YOU HAVE WON _____ PRIZE IN A BEAUTY CONTEST. COLLECT $10.SECOND
74.9%
LIFE _____ MATURES. COLLECT $100.Insurance
68.8%
BANK _____ IN YOUR FAVOR. COLLECT $200.ERROR
66.8%
ADVANCE TOKEN TO NEAREST UTILITY. IF _____ you may buy it from bank.UNOWNED
65.6%
_____ HOSPITAL $100.PAY
56.7%
Sentences Word % Correct
Make General _____ On All Your Property.Repairs
55.5%
YOUR BUILDING AND _____ MATURES. COLLECT $150.LOAN
49.8%
BANK PAYS YOU _____ OF $50.DIVIDEND
49.3%
XMAS FUND _____. COLLECT $100.MATURES
48.4%
INCOME TAX _____. COLLECT $20.REFUND
41.8%
Grand _____ Opening. COLLECT $50 FROM EVERY PLAYER FOR OPENING NIGHT SEATS.Opera
36.9%
FROM SALE OF _____ YOU GET $45.STOCK
30.1%
YOU ARE ASSESSED FOR _____ REPAIRS.STREET
20.5%
RECEIVE FOR _____ $25.SERVICES
20.1%
PAY _____ TAX OF $15.POOR
18.4%
YOU _____ $100.INHERIT
16.6%
PAY _____ TAX OF $150.SCHOOL
12.9%
Advance token to the nearest Railroad and pay owner Twice the _____ to which he is otherwise entitled.Rental
11.9%
_____ FEE. PAY $50.DOCTOR'S
7.4%

You're not logged in!

Compare scores with friends on all Sporcle quizzes.
Sign Up with Email
OR
Log In

You Might Also Like...

Show Comments

Extras

Top Quizzes Today


Score Distribution

Your Account Isn't Verified!

In order to create a playlist on Sporcle, you need to verify the email address you used during registration. Go to your Sporcle Settings to finish the process.